[Event "U. Laval op"]
[Site "Ste-Foy CAN"]
[Date "1997.09.21"]
[Round "4"]
[White "Tremblay, Sylvain"]
[Black "Girard, Robin"]
[Result "1/2-1/2"]
[WhiteElo "2116"]
[BlackElo "2255"]
[PlyCount "100"]
[GameId "2160767911932045"]
[EventDate "1997.09.19"]
[EventType "swiss"]
[EventRounds "5"]
[EventCountry "CAN"]

1. Nf3 Nf6 2. g3 g6 3. b3 Bg7 4. Bb2 c5 5. c4 b6 6. Bg2 Bb7 7. O-O O-O 8. e3 Nc6 9. d4 cxd4 10. exd4 d5 11. Re1 Rc8 12. Nbd2 Na5 13. Ne5 Ba6 14. Rc1 Qd6 15. a3 dxc4 16. b4 c3 17. Bxc3 Nc4 18. Ndxc4 Bxc4 19. Nxc4 Rxc4 20. Qb3 Rfc8 21. Bb7 R8c7 22. Ba6 R4c6 23. Bb5 Bh6 24. Rc2 Nd5 25. Bxc6 Qxc6 26. Bb2 Qxc2 27. Qxd5 Bd2 28. Rf1 Kg7 29. Qd8 Rc4 30. Ba1 Qe4 31. Qd7 a5 32. Qb5 Rc2 33. Qxb6 axb4 34. axb4 Qd5 35. b5 Be3 36. Qa7 Ra2 37. Qxe7 Bxf2+ 38. Rxf2 Rxa1+ 39. Rf1 Qxd4+ 40. Kg2 Qd5+ 41. Kg1 Qd4+ 42. Kg2 Qd5+ 43. Kg1 Rxf1+ 44. Kxf1 Qh1+ 45. Ke2 Qxh2+ 46. Kd3 Qxg3+ 47. Qe3 Qb8 48. Qd4+ Kg8 49. b6 h5 50. Qc5 Qg3+ 1/2-1/2

[Event "UBC January Swiss"]
[Site "Vancouver CAN"]
[Date "1997.02.04"]
[Round "5"]
[White "Wright, Stephen"]
[Black "Hallam, John"]
[Result "1-0"]
[WhiteElo "2312"]
[BlackElo "2260"]
[PlyCount "57"]
[GameId "2160767911999583"]
[EventDate "1997.01.07"]
[EventType "swiss"]
[EventRounds "5"]
[EventCountry "CAN"]
[SourceTitle "CFC 1997.04"]
[SourceDate "2011.01.01"]
[SourceVersion "1"]
[SourceVersionDate "2011.01.01"]
[SourceQuality "1"]

1. d4 d5 2. c4 e6 3. cxd5 exd5 4. Nc3 c6 5. Qc2 Na6 6. a3 Qb6 7. e3 Nf6 8. Bd3 Nb8 9. Nge2 Be7 10. O-O Nbd7 11. Bd2 Qd8 12. Rad1 O-O 13. f3 c5 14. Kh1 cxd4 15. exd4 Nb6 16. Rfe1 Bd7 17. Nf4 Re8 18. Qb3 Bc6 19. Re2 Bd6 20. Rxe8+ Qxe8 21. Nb5 Bxb5 22. Bxb5 Qb8 23. g3 Qd8 24. Re1 Rc8 25. a4 Bb8 26. a5 Na8 27. Nd3 b6 28. Ba6 Rc6 29. Bb7 1-0

[Event "UBC July Swiss"]
[Site "Vancouver CAN"]
[Date "1997.07.15"]
[Round "2"]
[White "Zuk, Robert"]
[Black "Wright, Stephen"]
[Result "1/2-1/2"]
[WhiteElo "2294"]
[BlackElo "2182"]
[PlyCount "91"]
[GameId "2160767911965575"]
[EventDate "1997.07.08"]
[EventType "swiss"]
[EventRounds "5"]
[EventCountry "CAN"]

1. e4 Nf6 2. e5 Nd5 3. d4 d6 4. Nf3 Bg4 5. Be2 c6 6. Ng5 Bf5 7. Bd3 Bxd3 8. Qxd3 e6 9. O-O dxe5 10. dxe5 Nd7 11. Re1 h6 12. Nf3 Qc7 13. a3 a5 14. b3 Bc5 15. Bb2 Nf4 16. Qe4 g5 17. Nbd2 Rg8 18. Rf1 Ng6 19. Nc4 O-O-O 20. b4 Be7 21. Nxa5 g4 22. Ne1 Ngxe5 23. f4 gxf3 24. Nxf3 Rg4 25. Qe2 Nxf3+ 26. Qxf3 Rdg8 27. Rf2 Bd6 28. h3 Rf4 29. Qe2 Rxf2 30. Qxf2 Be5 31. Bxe5 Qxe5 32. Re1 Qd5 33. c4 Qg5 34. Re2 Ne5 35. c5 f6 36. Nb3 Kc7 37. Nd4 Re8 38. Kh2 Qg6 39. Qg3 Qxg3+ 40. Kxg3 Rg8+ 41. Kf2 Kd7 42. Rd2 Ke7 43. Nc2 Ra8 44. Rd4 Nf7 45. Rd3 Ne5 46. Rd4 1/2-1/2

[Event "UBC May/June Swiss"]
[Site "Vancouver CAN"]
[Date "1997.06.24"]
[Round "5"]
[White "Afrah, Navid"]
[Black "Wright, Stephen"]
[Result "0-1"]
[WhiteElo "2253"]
[BlackElo "2187"]
[PlyCount "61"]
[GameId "2160767911965748"]
[EventDate "1997.05.27"]
[EventType "swiss"]
[EventRounds "5"]
[EventCountry "CAN"]

1. e4 Nf6 2. e5 Nd5 3. c4 Nb6 4. d4 d6 5. exd6 cxd6 6. Nc3 g6 7. Be3 Bg7 8. Nf3 O-O 9. Be2 Nc6 10. O-O Bg4 11. b3 e6 12. Qd2 d5 13. c5 Nc8 14. b4 a6 15. Rab1 N8e7 16. b5 Na5 17. bxa6 bxa6 18. Bh6 Bxh6 19. Qxh6 Bxf3 20. Bxf3 Nf5 21. Qf4 Nc6 22. Ne2 Qf6 23. Rfd1 Rab8 24. Rxb8 Rxb8 25. Ng3 Rb4 26. Nxf5 Qxf5 27. Qd6 Nxd4 28. c6 Rb1 29. Qd8+ Kg7 30. c7 Qd3 31. Qg8+ 0-1

[Event "Vancouver GP 31"]
[Site "Vancouver CAN"]
[Date "1997.04.20"]
[Round "4"]
[White "Barnes, Mark"]
[Black "Feng, Jason"]
[Result "1/2-1/2"]
[WhiteElo "1739"]
[BlackElo "1846"]
[PlyCount "67"]
[GameId "2160767911966112"]
[EventDate "1997.04.19"]
[EventType "swiss"]
[EventRounds "4"]
[EventCountry "CAN"]
[SourceTitle "CFC 1997.08"]

1. e4 a6 2. d4 h6 3. c4 b5 4. cxb5 axb5 5. Bxb5 Bb7 6. d5 Nf6 7. f3 e6 8. dxe6 fxe6 9. Be3 Nxe4 10. Qd4 Nd6 11. Bd3 Nf5 12. Bxf5 exf5 13. Ne2 Nc6 14. Qf4 Bb4+ 15. Bd2 Bxd2+ 16. Nxd2 Qe7 17. Kf2 Qe5 18. Rhe1 O-O 19. Qxe5 Nxe5 20. Nf4 d6 21. Re3 Ra4 22. Ne6 Rf7 23. b3 Ra5 24. g3 Bd5 25. Nd4 c5 26. Nc2 c4 27. bxc4 Nxc4 28. Nxc4 Bxc4 29. Nb4 Rb7 30. Nc6 Rb2+ 31. Kg1 Raxa2 32. Rxa2 Rxa2 33. Ne7+ Kf7 34. Nxf5 1/2-1/2

[Event "Vers La Maitrise"]
[Site "Montreal CAN"]
[Date "1997.01.16"]
[Round "1"]
[White "Bergeron, Marc"]
[Black "Rouleau, Paul"]
[Result "1/2-1/2"]
[WhiteElo "2010"]
[BlackElo "1860"]
[PlyCount "89"]
[GameId "2160767911999429"]
[EventDate "1997.01.16"]
[EventType "swiss"]
[EventRounds "6"]
[EventCountry "CAN"]

1. e4 e5 2. Bc4 Nf6 3. d3 c6 4. Nf3 d5 5. Bb3 Bd6 6. Nc3 Be6 7. Bg5 Qa5 8. O-O Nbd7 9. exd5 cxd5 10. Re1 O-O 11. Qd2 d4 12. Ne4 Qxd2 13. Nexd2 Bxb3 14. axb3 Nd5 15. Nc4 Bc7 16. Bd2 f6 17. b4 b5 18. Na5 Rfc8 19. Rec1 Bd6 20. c3 dxc3 21. bxc3 N7b6 22. Rab1 f5 23. c4 e4 24. cxd5 exf3 25. Rc6 Rxc6 26. dxc6 Rc8 27. gxf3 Nd5 28. h3 Ne7 29. Rc1 Bc7 30. d4 Bxa5 31. bxa5 Rxc6 32. Rxc6 Nxc6 33. d5 Ne5 34. Kg2 a6 35. f4 Nc4 36. Bb4 Kf7 37. Kf3 Kf6 38. h4 g6 39. Ke2 Kf7 40. Kd3 Ke8 41. Kd4 Kd7 42. Kc5 Kc7 43. Bc3 Kd7 44. Bb4 Kc7 45. Bc3 1/2-1/2

[Event "Vers La Maitrise"]
[Site "Montreal CAN"]
[Date "1997.01.16"]
[Round "1"]
[White "Deschamps, Felix"]
[Black "Balogh, Alex"]
[Result "0-1"]
[WhiteElo "1900"]
[BlackElo "1935"]
[PlyCount "62"]
[GameId "2160767911999430"]
[EventDate "1997.01.16"]
[EventType "swiss"]
[EventRounds "6"]
[EventCountry "CAN"]

1. e4 c5 2. Nf3 Nc6 3. d4 cxd4 4. Nxd4 Nf6 5. Nc3 d6 6. Bc4 Qb6 7. Nde2 e6 8. O-O a6 9. a3 Be7 10. Be3 Qc7 11. Ba2 O-O 12. Ng3 Ne5 13. Kh1 Nc4 14. Bxc4 Qxc4 15. f3 b5 16. Qd3 Qc7 17. f4 Bb7 18. Bd4 Rac8 19. Rae1 Qc4 20. Re2 Rfd8 21. h3 d5 22. e5 Ne4 23. Ncxe4 Qxd3 24. Nf6+ Bxf6 25. cxd3 Bh4 26. Kh2 Rc6 27. Nh1 Rdc8 28. f5 Rc2 29. Rxc2 Rxc2 30. fxe6 fxe6 31. Bc3 d4 0-1

[Event "Vers La Maitrise"]
[Site "Montreal CAN"]
[Date "1997.01.16"]
[Round "1"]
[White "Fillion, Steve"]
[Black "Prahov, Valentin"]
[Result "1-0"]
[WhiteElo "2155"]
[BlackElo "2175"]
[PlyCount "69"]
[GameId "2160767911999431"]
[EventDate "1997.01.16"]
[EventType "swiss"]
[EventRounds "6"]
[EventCountry "CAN"]

1. d4 Nf6 2. c4 g6 3. Nc3 d5 4. Nf3 Bg7 5. cxd5 Nxd5 6. Qb3 Nxc3 7. bxc3 O-O 8. Ba3 Nc6 9. e4 b6 10. Bd3 Bb7 11. O-O a5 12. Rad1 a4 13. Qc2 Ba6 14. Bxa6 Rxa6 15. Qd3 Ra5 16. Qc4 Qd7 17. Rfe1 Rd8 18. h3 e6 19. d5 Ne7 20. dxe6 Qxd1 21. Bxe7 Qd3 22. exf7+ Kh8 23. Qxc7 Rda8 24. e5 R5a7 25. Qd6 Qxd6 26. exd6 h6 27. Ne5 Kh7 28. f4 Bf8 29. Bxf8 Rxf8 30. Rd1 Kg7 31. d7 Rd8 32. Rd6 g5 33. Rg6+ Kh7 34. Re6 Kg7 35. Re8 1-0

[Event "Vers La Maitrise"]
[Site "Montreal CAN"]
[Date "1997.01.16"]
[Round "1"]
[White "Gardner, Robert"]
[Black "Schleifer, Michael"]
[Result "1-0"]
[WhiteElo "2075"]
[BlackElo "2344"]
[PlyCount "99"]
[GameId "2160767911999432"]
[EventDate "1997.01.16"]
[EventType "swiss"]
[EventRounds "6"]
[EventCountry "CAN"]

1. e4 c5 2. Nf3 d6 3. d4 cxd4 4. Nxd4 a6 5. c4 Nf6 6. Nc3 e5 7. Nf5 Bxf5 8. exf5 Be7 9. Bd3 Nbd7 10. O-O Rc8 11. Be3 O-O 12. g4 h6 13. Qf3 Nc5 14. Bc2 b5 15. h4 b4 16. Ne2 e4 17. Qg2 Nfd7 18. Ng3 Bxh4 19. Nxe4 Nxe4 20. Bxe4 Rxc4 21. Bd3 Rc7 22. Bxa6 Qa8 23. Qxa8 Rxa8 24. Bd3 Bf6 25. Rfb1 Nc5 26. Bxc5 Rxc5 27. a4 h5 28. gxh5 Kh7 29. Ra2 Kh6 30. b3 Kg5 31. Kg2 Rc3 32. Bc4 Ra7 33. a5 Be5 34. a6 Kxf5 35. Ra4 Kf6 36. Rxb4 d5 37. Rb6+ Kf5 38. Bxd5 Bd4 39. Rb5 Rc2 40. Bb7+ Kf4 41. Rf1 f5 42. Rb4 Rd2 43. Rc4 Kg5 44. b4 Bf6 45. b5 Rb2 46. Rc5 Kxh5 47. Rxf5+ Kg6 48. Rd5 Be7 49. Rc1 Ra2 50. b6 1-0

[Event "Vers La Maitrise"]
[Site "Montreal CAN"]
[Date "1997.01.16"]
[Round "1"]
[White "Girard, Robin"]
[Black "Gladu, Pierre"]
[Result "1/2-1/2"]
[WhiteElo "2300"]
[BlackElo "2150"]
[PlyCount "96"]
[GameId "2160767911999433"]
[EventDate "1997.01.16"]
[EventType "swiss"]
[EventRounds "6"]
[EventCountry "CAN"]

1. e4 c5 2. Nc3 e6 3. g3 d5 4. exd5 exd5 5. Bg2 Nf6 6. d3 d4 7. Ne4 Nxe4 8. Bxe4 Bd6 9. Ne2 O-O 10. O-O Nd7 11. Re1 Nf6 12. Bg2 Re8 13. Bg5 h6 14. Bxf6 Qxf6 15. Qd2 Be6 16. c3 Re7 17. cxd4 cxd4 18. Nf4 Bxf4 19. Qxf4 Qxf4 20. gxf4 Rae8 21. Re5 f6 22. Rb5 b6 23. Be4 Bh3 24. Rh5 Bg4 25. Rd5 f5 26. Bxf5 Bxf5 27. Rxf5 Re1+ 28. Rxe1 Rxe1+ 29. Kg2 Rd1 30. Rd5 Rxd3 31. Rd8+ Kh7 32. f5 Rd2 33. Rd7 Kg8 34. Rxa7 Rxb2 35. Ra3 Kf7 36. Rd3 Rxa2 37. Rxd4 Ra7 38. Rb4 Rb7 39. Rb5 Ke7 40. Kf3 Kd6 41. Ke4 Kc6 42. Re5 Rd7 43. Re6+ Kc5 44. f6 gxf6 45. Rxf6 Rd4+ 46. Kf3 Rd6 47. Rf5+ Kc4 48. Rf4+ Kc5 1/2-1/2

[Event "Vers La Maitrise"]
[Site "Montreal CAN"]
[Date "1997.01.16"]
[Round "1"]
[White "Plante, Michel"]
[Black "Tremblay, Alain"]
[Result "0-1"]
[WhiteElo "1880"]
[BlackElo "1965"]
[PlyCount "38"]
[GameId "2160767911999436"]
[EventDate "1997.01.16"]
[EventType "swiss"]
[EventRounds "6"]
[EventCountry "CAN"]

1. d4 d5 2. Nf3 c6 3. c3 Bf5 4. Bg5 Nf6 5. Nbd2 Nbd7 6. Nh4 Bg4 7. f3 Bh5 8. g4 Bg6 9. Nxg6 hxg6 10. Bf4 e5 11. dxe5 Qc7 12. Qa4 Nxe5 13. O-O-O Bd6 14. Bxe5 Bxe5 15. h3 O-O 16. e3 b5 17. Qc2 a5 18. Be2 b4 19. c4 a4 0-1

[Event "Vers La Maitrise"]
[Site "Montreal CAN"]
[Date "1997.01.16"]
[Round "1"]
[White "Rashev, Nick"]
[Black "Chabot, Jean-Francois"]
[Result "1/2-1/2"]
[WhiteElo "1925"]
[BlackElo "1890"]
[PlyCount "99"]
[GameId "2160767911999437"]
[EventDate "1997.01.16"]
[EventType "swiss"]
[EventRounds "6"]
[EventCountry "CAN"]

1. d4 Nf6 2. Nf3 g6 3. c4 Bg7 4. g3 O-O 5. Bg2 c6 6. O-O d5 7. b3 b6 8. Ne5 Bb7 9. Nd2 Nbd7 10. Ndf3 Ne4 11. Bb2 Rc8 12. Rc1 e6 13. e3 Qe7 14. Qe2 Ba6 15. Rfd1 Nd6 16. Ba3 c5 17. Nxd7 Qxd7 18. dxc5 bxc5 19. Qd2 Ne4 20. Qa5 Qc6 21. cxd5 exd5 22. Nd2 Be2 23. Re1 Bd3 24. Nxe4 dxe4 25. Rxc5 Qe6 26. Rec1 h5 27. h4 a6 28. Qa4 Rxc5 29. Rxc5 Re8 30. Qc6 Bb1 31. Qxe6 Rxe6 32. Rc8+ Kh7 33. Bf1 Bxa2 34. Bc4 Rb6 35. Bc5 Rb7 36. Bd5 Rb5 37. Bc4 Rb7 38. Bd5 Rb5 39. Bc4 Rb7 40. Bxa6 Rxb3 41. Rc7 Rb1+ 42. Kg2 Be6 43. Bb7 Be5 44. Bxe4 Rc1 45. Bd6 Rxc7 46. Bxe5 Rc4 47. Bd4 f5 48. Bb7 Rb4 49. Bc6 Bc4 50. Kf3 1/2-1/2

[Event "Vers La Maitrise"]
[Site "Montreal CAN"]
[Date "1997.01.16"]
[Round "1"]
[White "Tisseur, Daniel"]
[Black "Gravel, Simon M"]
[Result "1/2-1/2"]
[WhiteElo "1855"]
[BlackElo "1825"]
[PlyCount "63"]
[GameId "2160767911999438"]
[EventDate "1997.01.16"]
[EventType "swiss"]
[EventRounds "6"]
[EventCountry "CAN"]

1. e4 e6 2. d4 d5 3. Nc3 Bb4 4. a3 Bxc3+ 5. bxc3 dxe4 6. Qg4 Nf6 7. Qxg7 Rg8 8. Qh6 Nbd7 9. Ne2 b6 10. Ng3 Bb7 11. a4 Rg6 12. Qd2 c5 13. Rg1 Qc7 14. a5 Ng4 15. Qf4 Qxf4 16. Bxf4 cxd4 17. cxd4 e5 18. dxe5 Ngxe5 19. Bb5 a6 20. Be2 b5 21. Bh5 Rc6 22. Nf5 Rxc2 23. Rd1 Bc6 24. Be2 Rc5 25. Nd6+ Ke7 26. Nf5+ Kf6 27. g4 Rd5 28. Rc1 Re8 29. Be3 Rc8 30. h4 Bb7 31. Bg5+ Ke6 32. Ng7+ 1/2-1/2

[Event "Vers La Maitrise"]
[Site "Montreal CAN"]
[Date "1997.01.23"]
[Round "2"]
[White "Abouchakra, Khaled"]
[Black "Lalonde, Paul"]
[Result "0-1"]
[WhiteElo "1850"]
[BlackElo "1830"]
[PlyCount "70"]
[GameId "2160767911999439"]
[EventDate "1997.01.16"]
[EventType "swiss"]
[EventRounds "6"]
[EventCountry "CAN"]

1. d4 Nf6 2. c4 e6 3. Nf3 d5 4. b3 Bd6 5. Bg5 Nbd7 6. Nbd2 h6 7. Bh4 O-O 8. e4 dxe4 9. Nxe4 Nxe4 10. Bxd8 Bb4+ 11. Nd2 Bxd2+ 12. Qxd2 Nxd2 13. Bxc7 Nxf1 14. Rxf1 Nf6 15. f3 Bd7 16. Kf2 Rac8 17. Bd6 Rfe8 18. Rfe1 Bc6 19. a4 Red8 20. Be5 b6 21. Red1 Nh5 22. g4 f6 23. Bg3 Nxg3 24. hxg3 Kf7 25. Ke3 Kg6 26. Rh1 f5 27. gxf5+ exf5 28. d5 Bb7 29. Rhe1 a6 30. Kd4 Re8 31. b4 Kf7 32. f4 Rcd8 33. Re5 g6 34. Rae1 b5 35. axb5 axb5 0-1

[Event "Vers La Maitrise"]
[Site "Montreal CAN"]
[Date "1997.01.23"]
[Round "2"]
[White "Deschamps, Felix"]
[Black "Plante, Michel"]
[Result "1/2-1/2"]
[WhiteElo "1900"]
[BlackElo "1880"]
[PlyCount "125"]
[GameId "2160767911999440"]
[EventDate "1997.01.16"]
[EventType "swiss"]
[EventRounds "6"]
[EventCountry "CAN"]

1. e4 g6 2. d4 Bg7 3. Nc3 c6 4. Nf3 d5 5. exd5 cxd5 6. Bb5+ Nc6 7. O-O Bg4 8. Be3 e6 9. Re1 Nge7 10. h3 Bxf3 11. Qxf3 O-O 12. Rad1 a6 13. Bxc6 Nxc6 14. Na4 b6 15. Qe2 Qc7 16. Qd2 Rfc8 17. Bf4 Qd8 18. c3 Na5 19. b3 Nb7 20. Bg5 Qc7 21. Rc1 b5 22. Nb2 Qb6 23. Nd3 Qd6 24. Bf4 Qd8 25. Be5 Qf8 26. Bxg7 Kxg7 27. Ne5 Rc7 28. Ng4 Kh8 29. Qf4 Rac8 30. Qe5+ Qg7 31. Nf6 Na5 32. g4 h6 33. b4 Nc4 34. Qf4 g5 35. Qf3 Nd2 36. Qd3 Qxf6 37. Qxd2 Qf4 38. Qd3 Rc4 39. a3 Kg7 40. Rc2 Rh8 41. Re3 Rhc8 42. Rf3 Qe4 43. Re3 Qf4 44. Rf3 Qe4 45. Re3 Qxd3 46. Rxd3 Kf6 47. Kf1 Ke7 48. Ke1 a5 49. Kd2 axb4 50. axb4 Ra8 51. Re3 Rc6 52. Re1 Rca6 53. Rec1 Kd6 54. f3 Ra1 55. Kd1 f6 56. Rxa1 Rxa1+ 57. Rc1 Ra3 58. Kd2 e5 59. Ke3 Ra2 60. Rh1 Rc2 61. Kd3 Rf2 62. Ke3 Rc2 63. Kd3 1/2-1/2

[Event "Vers La Maitrise"]
[Site "Montreal CAN"]
[Date "1997.01.23"]
[Round "2"]
[White "Gardner, Robert"]
[Black "Fillion, Steve"]
[Result "1-0"]
[WhiteElo "2075"]
[BlackElo "2155"]
[PlyCount "65"]
[GameId "2160767911999441"]
[EventDate "1997.01.16"]
[EventType "swiss"]
[EventRounds "6"]
[EventCountry "CAN"]

1. e4 e6 2. d4 d5 3. Nd2 Be7 4. Ngf3 Nf6 5. Bd3 c5 6. c3 Nc6 7. dxc5 Bxc5 8. exd5 Nxd5 9. Ne4 Be7 10. O-O h6 11. Qe2 O-O 12. c4 Ndb4 13. Bb1 f5 14. Ng3 a5 15. Nh5 g5 16. Bd2 Qe8 17. Ng3 Bf6 18. Bc3 Bxc3 19. bxc3 Na6 20. Nd4 Bd7 21. Re1 Nc5 22. Bc2 Qg6 23. Nxc6 Bxc6 24. Qe5 Rac8 25. Qxc5 Be4 26. Qb6 Bxc2 27. Rxe6 Qf7 28. Rg6+ Kh8 29. Rxh6+ Kg8 30. Rg6+ Kh8 31. Rxg5 Rc6 32. Qd4+ Qf6 33. Qh4+ 1-0

[Event "Vers La Maitrise"]
[Site "Montreal CAN"]
[Date "1997.01.23"]
[Round "2"]
[White "Gravel, Simon M"]
[Black "Fillion, Robert"]
[Result "1-0"]
[WhiteElo "1825"]
[BlackElo "1765"]
[PlyCount "77"]
[GameId "2160767911999443"]
[EventDate "1997.01.16"]
[EventType "swiss"]
[EventRounds "6"]
[EventCountry "CAN"]

1. d4 Nf6 2. c4 e6 3. Nc3 d5 4. Bg5 Nbd7 5. e3 Bb4 6. a3 Bxc3+ 7. bxc3 c5 8. Qc2 Qa5 9. cxd5 exd5 10. Bd3 c4 11. Bf5 O-O 12. Ne2 Re8 13. O-O g6 14. Bxd7 Nxd7 15. f3 f6 16. Bh6 Nb6 17. e4 Bd7 18. Bf4 Ba4 19. Qb1 Bb3 20. Bd6 Qa4 21. Ng3 Qd7 22. Bf4 Na4 23. Qc1 Rac8 24. e5 Qg7 25. Re1 f5 26. Bh6 Qf7 27. Ne2 Qe7 28. Bg5 Qf7 29. h4 Rc6 30. Nf4 Nb6 31. Kf2 Na8 32. e6 Rcxe6 33. Nxe6 Rxe6 34. Rxe6 Qxe6 35. Qf4 Nb6 36. Re1 Qc8 37. Re7 Qf8 38. Qe5 Ba4 39. Qe6+ 1-0

[Event "Vers La Maitrise"]
[Site "Montreal CAN"]
[Date "1997.01.23"]
[Round "2"]
[White "Grondin, Jean-Philippe"]
[Black "Girard, Robin"]
[Result "0-1"]
[WhiteElo "2040"]
[BlackElo "2300"]
[PlyCount "124"]
[GameId "2160767911999444"]
[EventDate "1997.01.16"]
[EventType "swiss"]
[EventRounds "6"]
[EventCountry "CAN"]

1. e4 c6 2. d4 d5 3. Nc3 dxe4 4. Nxe4 Nd7 5. Bc4 Ngf6 6. Ng5 e6 7. Qe2 Nb6 8. Bd3 h6 9. Ne4 Qxd4 10. Nf3 Qd8 11. O-O Nxe4 12. Bxe4 Bd6 13. c4 Qc7 14. Be3 Nd7 15. Rad1 Nf6 16. Bb1 b6 17. Qd2 Ke7 18. Qc3 c5 19. Rfe1 Bb7 20. Bc1 Rhd8 21. h3 Bf4 22. Rxd8 Rxd8 23. Ne5 Bxe5 24. Rxe5 Rd1+ 25. Re1 Rxe1+ 26. Qxe1 Qc6 27. f3 Qd6 28. Be3 g5 29. a3 Nd7 30. h4 Qe5 31. hxg5 hxg5 32. Qd2 f6 33. Bd3 Qg3 34. Bf2 Qd6 35. Qc2 Qf4 36. Bf1 f5 37. b4 Qe5 38. Qd2 f4 39. Qc2 g4 40. Qh7+ Kd6 41. fxg4 Be4 42. bxc5+ bxc5 43. Qh6 Qf6 44. Qh3 Qg6 45. Be2 e5 46. Qc3 Bc6 47. Qd2+ Ke6 48. Bd1 Qe4 49. Bf3 Qb1+ 50. Kh2 Qh7+ 51. Kg1 e4 52. Qe2 Ne5 53. Qc2 Qg6 54. Bd1 e3 55. Qxg6+ Nxg6 56. Be1 Ne5 57. Be2 Be4 58. Bc3 Ng6 59. Bg7 Nh4 60. Bc3 Nxg2 61. Bf1 f3 62. Bxg2 f2+ 0-1

[Event "Vers La Maitrise"]
[Site "Montreal CAN"]
[Date "1997.01.23"]
[Round "2"]
[White "Rouleau, Paul"]
[Black "Rashev, Nick"]
[Result "1-0"]
[WhiteElo "1860"]
[BlackElo "1925"]
[PlyCount "85"]
[GameId "2160767911999446"]
[EventDate "1997.01.16"]
[EventType "swiss"]
[EventRounds "6"]
[EventCountry "CAN"]

1. e4 c5 2. c3 d5 3. exd5 Qxd5 4. d4 Nf6 5. Nf3 e6 6. Bd3 Be7 7. O-O O-O 8. c4 Qd8 9. dxc5 Na6 10. c6 bxc6 11. Bf4 Nb4 12. Ne5 Bb7 13. b3 c5 14. Nc3 Qd4 15. Ne2 Qd8 16. a3 Nxd3 17. Qxd3 Qxd3 18. Nxd3 Rfd8 19. Rad1 h6 20. f3 a5 21. Nc3 Bc6 22. Nb2 Nd7 23. Bd6 Bf6 24. Nba4 Bd4+ 25. Kh1 Ra6 26. Bxc5 Bxc3 27. Nxc3 Rb8 28. b4 Nxc5 29. bxc5 Rb3 30. Nb5 Bxb5 31. cxb5 Rxb5 32. Rd8+ Kh7 33. Rc8 Rb7 34. c6 Re7 35. Rc1 Raa7 36. Kg1 e5 37. Kf2 f6 38. Ke3 Kg6 39. Ke4 Kf7 40. Kd5 a4 41. Kc5 Ra5+ 42. Kb6 Rd5 43. Rc7 1-0

[Event "Vers La Maitrise"]
[Site "Montreal CAN"]
[Date "1997.01.23"]
[Round "2"]
[White "Tremblay, Alain"]
[Black "Balogh, Alex"]
[Result "0-1"]
[WhiteElo "1965"]
[BlackElo "1935"]
[PlyCount "70"]
[GameId "2160767911999447"]
[EventDate "1997.01.16"]
[EventType "swiss"]
[EventRounds "6"]
[EventCountry "CAN"]

1. e4 c5 2. c3 Nf6 3. e5 Nd5 4. d4 cxd4 5. cxd4 Nc6 6. Nf3 d6 7. Bc4 Nb6 8. Bb5 a6 9. Bxc6+ bxc6 10. Nc3 Bf5 11. O-O d5 12. Nh4 Bd7 13. Bg5 h6 14. Be3 e6 15. Qg4 g6 16. Nf3 Nc4 17. b3 Nxe3 18. fxe3 c5 19. Rac1 h5 20. Qg3 Bh6 21. Rfe1 cxd4 22. Nxd4 O-O 23. h4 Qa5 24. a4 Rac8 25. Nb1 Qb4 26. Rxc8 Rxc8 27. Rd1 Bg7 28. Qf4 Qb8 29. Nf3 Qxb3 30. Rf1 Qxa4 31. Nd4 Be8 32. Nd2 Qa3 33. N4f3 Rc1 34. Rxc1 Qxc1+ 35. Kh2 Qc3 0-1

[Event "Vers La Maitrise"]
[Site "Montreal CAN"]
[Date "1997.01.30"]
[Round "3"]
[White "Balogh, Alex"]
[Black "Gardner, Robert"]
[Result "1-0"]
[WhiteElo "1935"]
[BlackElo "2075"]
[PlyCount "91"]
[GameId "2160767911999448"]
[EventDate "1997.01.16"]
[EventType "swiss"]
[EventRounds "6"]
[EventCountry "CAN"]

1. d4 c5 2. d5 f5 3. c4 Nf6 4. Nc3 d6 5. g3 g6 6. Bg2 Bg7 7. Nh3 Na6 8. O-O O-O 9. Nf4 Nc7 10. e3 Rb8 11. a4 b6 12. Re1 a6 13. Bf1 Ng4 14. h3 Ne5 15. Ng2 Bd7 16. f4 Nf7 17. Qc2 b5 18. Bd2 b4 19. Nd1 Qe8 20. e4 fxe4 21. Qxe4 Bf6 22. g4 Qd8 23. Bd3 Nh6 24. Nge3 Bd4 25. Kg2 e5 26. dxe6 Nxe6 27. Nd5 Re8 28. Qf3 Nf7 29. g5 Nc7 30. h4 Nxd5 31. cxd5 Rxe1 32. Bxe1 Qe8 33. Bf2 Bxf2 34. Nxf2 a5 35. Ne4 Qe7 36. Nf6+ Kg7 37. h5 h6 38. hxg6 Nxg5 39. fxg5 hxg5 40. Rh1 Rh8 41. Rxh8 Kxh8 42. Qh5+ Kg7 43. Ng4 Bxg4 44. Qxg4 Qf6 45. Qd7+ Kf8 46. Qf5 1-0

[Event "Vers La Maitrise"]
[Site "Montreal CAN"]
[Date "1997.01.30"]
[Round "3"]
[White "Bergeron, Marc"]
[Black "Abouchakra, Khaled"]
[Result "1-0"]
[WhiteElo "2010"]
[BlackElo "1850"]
[PlyCount "83"]
[GameId "2160767911999449"]
[EventDate "1997.01.16"]
[EventType "swiss"]
[EventRounds "6"]
[EventCountry "CAN"]

1. e4 e6 2. d4 d5 3. Nc3 dxe4 4. Nxe4 Nd7 5. Nf3 Ngf6 6. Ng3 c5 7. Bd3 cxd4 8. Nxd4 Bc5 9. Nb3 Be7 10. O-O O-O 11. Qe2 Re8 12. c4 Qc7 13. Re1 b6 14. Nd4 Bb7 15. Bd2 Rad8 16. Bc3 Nc5 17. Bc2 Ba8 18. b4 Qb7 19. f3 Na6 20. a3 Nb8 21. Ba4 Nbd7 22. Nc6 Rc8 23. Nxe7+ Rxe7 24. Nf5 Ree8 25. Nd6 Qc7 26. Nxe8 Nxe8 27. Rad1 Bc6 28. Bc2 Nef6 29. Rd2 b5 30. Bxf6 Nxf6 31. c5 Nd5 32. Qe5 Qxe5 33. Rxe5 h6 34. Be4 Kf8 35. Kf2 Rd8 36. f4 g6 37. Bxd5 Bxd5 38. Ke3 Ke7 39. Rdxd5 Rxd5 40. Rxd5 exd5 41. Kd4 Ke6 42. g4 1-0

[Event "Vers La Maitrise"]
[Site "Montreal CAN"]
[Date "1997.01.30"]
[Round "3"]
[White "Fillion, Robert"]
[Black "Deschamps, Felix"]
[Result "0-1"]
[WhiteElo "1765"]
[BlackElo "1900"]
[PlyCount "60"]
[GameId "2160767911999450"]
[EventDate "1997.01.16"]
[EventType "swiss"]
[EventRounds "6"]
[EventCountry "CAN"]

1. c4 e6 2. Nc3 d5 3. cxd5 exd5 4. d4 c5 5. Nf3 Nc6 6. g3 Nf6 7. Bg2 Be7 8. O-O O-O 9. dxc5 Bxc5 10. Bg5 d4 11. Nb5 Bb6 12. Qa4 h6 13. Bxf6 Qxf6 14. Rfd1 Rd8 15. Rac1 Be6 16. Na3 a6 17. Nc4 Ba7 18. Na5 Nxa5 19. Qxa5 d3 20. exd3 Bg4 21. Qc3 Qf5 22. d4 Qh5 23. Re1 Rd7 24. Qb3 Rad8 25. Re5 Qg6 26. Nh4 Qf6 27. Rce1 Be6 28. Rxe6 fxe6 29. Rxe6 Qf7 30. Bd5 Rxd5 0-1

[Event "Vers La Maitrise"]
[Site "Montreal CAN"]
[Date "1997.01.30"]
[Round "3"]
[White "Girard, Robin"]
[Black "Chabot, Jean-Francois"]
[Result "1-0"]
[WhiteElo "2300"]
[BlackElo "1890"]
[PlyCount "41"]
[GameId "2160767911999451"]
[EventDate "1997.01.16"]
[EventType "swiss"]
[EventRounds "6"]
[EventCountry "CAN"]

1. e4 e6 2. d3 d5 3. Nd2 c5 4. Ngf3 Nc6 5. g3 Bd6 6. Bg2 Nge7 7. O-O O-O 8. Nh4 Bc7 9. f4 f5 10. exf5 exf5 11. Ndf3 a5 12. Re1 Ra6 13. c3 Rf6 14. Ne5 Ng6 15. Nexg6 hxg6 16. Nf3 d4 17. Ng5 a4 18. Qe2 Rf8 19. c4 Qf6 20. Bd5+ Kh8 21. Qg2 1-0

[Event "Vers La Maitrise"]
[Site "Montreal CAN"]
[Date "1997.01.30"]
[Round "3"]
[White "Lalonde, Paul"]
[Black "Grondin, Jean-Philippe"]
[Result "0-1"]
[WhiteElo "1830"]
[BlackElo "2040"]
[PlyCount "40"]
[GameId "2160767911999454"]
[EventDate "1997.01.16"]
[EventType "swiss"]
[EventRounds "6"]
[EventCountry "CAN"]

1. e4 e5 2. Nf3 Nc6 3. Bb5 d6 4. d4 Bd7 5. Nc3 Nge7 6. O-O Ng6 7. Be3 Be7 8. Qd2 O-O 9. Rad1 f6 10. Nd5 Kh8 11. c3 a6 12. Bd3 Rc8 13. h4 Bg4 14. g3 exd4 15. cxd4 Nge5 16. dxe5 Nxe5 17. Rc1 Bxf3 18. Qc2 Qd7 19. Rfe1 Qh3 20. Bf1 Qh1# 0-1